| 000 | 00726cam a2200241 a 4500 | ||
|---|---|---|---|
| 001 | 4978641 | ||
| 005 | 20240227051152.0 | ||
| 008 | 980112s1998 enk b 001 0 eng | ||
| 020 | _a041516401X (alk. paper) | ||
| 020 | _a0415164028 (pbk. : alk. paper) | ||
| 040 |
_aDLC _cDLC _dDLC |
||
| 082 | 0 | 0 |
_a323.334. _221 _bGEN. |
| 245 | 0 | 0 |
_aGender, politics and the state / _cedited by Vicky Randall and Georgina Waylen. |
| 260 |
_aLondon ; _aNew York : _bRoutledge, _c1998. |
||
| 300 | _ax, 214 p. ; | ||
| 650 | 0 | _aWomen | |
| 650 | 0 | _aFeminism. | |
| 650 | 0 | _aWomen | |
| 700 | 1 |
_aRandall, Vicky. _eedt |
|
| 700 | 1 |
_aWaylen, Georgina. _eedt |
|
| 856 | 4 | 2 | _uhttp://www.loc.gov/catdir/enhancements/fy0649/98009382-d.html |
| 942 | _cL | ||
| 999 |
_c499 _d499 |
||